书目信息 |
| 题名: |
二板市场的风险防范
|
|
| 作者: | 杨雪 著 | |
| 分册: | ||
| 出版信息: | 北京 中国经济出版社 2006.07 |
|
| 页数: | 213页 | |
| 开本: | 20cm | |
| 丛书名: | ||
| 单 册: | ||
| 中图分类: | F832.52 | |
| 科图分类: | ||
| 主题词: | 金融 , 银行 | |
| 电子资源: | ||
| ISBN: | 7-5017-7629-6 | |
| 000 | 00591nam0 2200205 450 | |
| 001 | 1456764668 | |
| 005 | 20141104154900.94 | |
| 010 | @a7-5017-7629-6@dCNY16.00 | |
| 100 | @a20141104d2006 km y0chiy0120 ea | |
| 101 | 0 | @achi |
| 102 | @aCN@b110000 | |
| 200 | 1 | @a二板市场的风险防范@Aer ban shi chang de feng xian fang fan@f杨雪著@Fyang xue zhu |
| 210 | @a北京@c中国经济出版社@d2006.07 | |
| 215 | @a213页@d20cm | |
| 606 | 0 | @a金融 |
| 606 | 0 | @a银行 |
| 690 | @aF832.52@v4 | |
| 701 | 0 | @a杨雪@Ayang xue@4著 |
| 801 | 0 | @aCN@b大连网信软件有限公司图书馆·11@c20141104 |
| 905 | @aZUCC@dF832.52@eY301 | |
| 二板市场的风险防范/杨雪著.-北京:中国经济出版社,2006.07 |
| 213页;20cm |
| ISBN 7-5017-7629-6:CNY16.00 |
| ● |
| 相关链接 |
|
|
|
正题名:二板市场的风险防范
索取号:F832.52/Y301
 
预约/预借
| 序号 | 登录号 | 条形码 | 馆藏地/架位号 | 状态 | 备注 |
| 1 | 896365 | 208963656 | 社科库409/409社科库 54排5列5层/ [索取号:F832.52/Y301] | 在馆 |